Central Library OPAC University of Rajshahi

চৈতলী / (Record no. 44674)

MARC details
000 -LEADER
fixed length control field 00803nam a2200217 a 4500
001 - CONTROL NUMBER
control field 44674
003 - CONTROL NUMBER IDENTIFIER
rucl marc code BD-RjUL44792
005 - DATE AND TIME OF LATEST TRANSACTION
control field 20211209053911.0
008 - FIXED-LENGTH DATA ELEMENTS--GENERAL INFORMATION
fixed length control field 160719r19521896 ||||| |||| 00| 0 ben d
035 ## - SYSTEM CONTROL NUMBER
System control number (BD-RjUL)44792
040 ## - CATALOGING SOURCE
Original cataloging agency BD-RjUL
Language of cataloging ben
Transcribing agency BD-RjUL
041 ## - LANGUAGE CODE
Language code of text/sound track or separate title ben
082 ## - DEWEY DECIMAL CLASSIFICATION NUMBER
Edition number 230
Classification number 891.4414
Author mark and year THC 1952
100 1# - MAIN ENTRY--PERSONAL NAME
Personal name ঠাকুর, রবীন্দনাথ
9 (RLIN) 136902
245 10 - TITLE STATEMENT
Title চৈতলী /
Statement of responsibility, etc. রবীন্দনাথ ঠাকুর
260 ## - PUBLICATION, DISTRIBUTION, ETC. (IMPRINT)
Place of publication, distribution, etc. কলিকাতা :
Name of publisher, distributor, etc. বিশ্বভারতী গ্রন্হালয়,
Date of publication, distribution, etc. ১৮৯৬ [পনঃ মুদ্রঃ ১৯৫২]
300 ## - PHYSICAL DESCRIPTION
Pagination ১০২ পৃ. ;
Size ১৭ সেমি.
650 ## - SUBJECT ADDED ENTRY--TOPICAL TERM
Topical term or geographic name as entry element বাংলা
Form subdivision কবিতা
9 (RLIN) 136878
Topical term or geographic name as entry element Bengali
Form subdivision Poetry
9 (RLIN) 136903
942 ## - ADDED ENTRY ELEMENTS (KOHA)
Source of classification or shelving scheme Dewey Decimal Classification
Koha item type Books
Holdings
Lost status Source of classification or shelving scheme Damaged status Not for loan Collection code Permanent Location Current Location Shelving location Date acquired Source of acquisition Cost, normal purchase price Total Checkouts Full call number Date last seen Copy number Koha item type
  Dewey Decimal Classification     Non-fiction Central Library, University of Rajshahi Central Library, University of Rajshahi   17/10/1955 Mokarrom Book 1.60   B 891.4414 THC 1952 19/07/2016 C-2 Books